Library Logo

শিলালেখ-তাম্রশাসনাদির প্রসঙ্গ / (Record no. 104275)

000 -LEADER
fixed length control field 00813nam a22001937a 4500
003 - CONTROL NUMBER IDENTIFIER
control field BD-DhUL
005 - DATE AND TIME OF LATEST TRANSACTION
control field 20160905173626.0
008 - FIXED-LENGTH DATA ELEMENTS--GENERAL INFORMATION
fixed length control field 160905s2009 ii ||||| |||| 00| 0 eng d
040 ## - CATALOGING SOURCE
Transcribing agency BD-DhUL
Modifying agency BD-DhUL
082 ## - DEWEY DECIMAL CLASSIFICATION NUMBER
Classification number 954.01
Item number DIS
100 ## - MAIN ENTRY--PERSONAL NAME
Personal name দীনেশচন্দ্র সরকার
245 10 - TITLE STATEMENT
Title শিলালেখ-তাম্রশাসনাদির প্রসঙ্গ /
Statement of responsibility, etc. দীনেশচন্দ্র সরকার
250 ## - EDITION STATEMENT
Edition statement সংশোধিত ও সংযোজিত নতুন
260 ## - PUBLICATION, DISTRIBUTION, ETC. (IMPRINT)
Place of publication, distribution, etc. কলকাতা :
Name of publisher, distributor, etc. সাহিত্যলোক,
Date of publication, distribution, etc. ২০০৯.
300 ## - PHYSICAL DESCRIPTION
Extent [৪], ২৫১ পৃ., [১৩] পাতা প্লেট ;
Dimensions ২৩ সেমি
651 ## - SUBJECT ADDED ENTRY--GEOGRAPHIC NAME
Geographic name ভারত - ইতিহাস
651 ## - SUBJECT ADDED ENTRY--GEOGRAPHIC NAME
Geographic name India - History
942 ## - ADDED ENTRY ELEMENTS (KOHA)
Source of classification or shelving scheme
Koha item type Books
Holdings
Price effective from Date last seen Permanent Location Not for loan Date acquired Source of classification or shelving scheme Koha item type Lost status Withdrawn status Copy number Source of acquisition Collection code Damaged status Shelving location Barcode Current Location Full call number
2016-09-052016-09-05Dhaka University Library 2016-09-05 Books  1purchasedNon Fiction General Stacks472951Dhaka University Library954.01 DIS
Last Updated on September 15, 2019
© Dhaka University Library. All Rights Reserved|Staff Login